Encontro dobre História da Azulejaria em Portugal III (Record no. 45984)

MARC details
000 -Etiqueta do registo
Valores 00474nam a2200157 4500
100 ## - Dados gerais de processamento
Dados gerais 20260407 pory50
101 ## - Língua de publicação
Língua por
102 ## - País de publicação
País PT
200 ## - Titulo e menção de responsabilidade
Título próprio Encontro dobre História da Azulejaria em Portugal III
Informação de outro título Do pombalino ao Romantismo
Primeira menção de responsabilidade joaquim Francisco Torrinha
Outras menções de responsabilidade orient. José Calado , José Meco
210 ## - Publicação
Nome do editor Fundação das Casas de Fronteira e Alorna
215 ## - Descrição física 
Paginação / Volumes 1 v.
675 ## - CDU
Notação 738.81(469)
801 ## - Fonte de origem
País PT
Regras de catalogação RPC
990 ## - Elementos KOHA
Tipo de documento Livro
Holdings
Aquisição Empréstimo Código de barras Cota Permissão de empréstimo Tipo de documento
Biblioteca Municipal de Redondo Biblioteca Municipal de Redondo 057168 738.81(469) TOR Consulta presencial Livro

Powered by Koha